00477nam a2200193 a 4500001001300000003000900013005001700022008004100039020002300080082002100103100001700124245001900141260003200160300000900192500003500201505001000236650002000246700001700266nice12345678IN_TiNIC20260116013708.0050524s1997 dela grp 000 0 eng  a0670309 c30000a303.6250954bKAR aKaran, Vijay aWar By Stealth aDelhibPenguin Books c1997 a276p aincludes index and biblioraphy2 aNotes aTerrorism-India1 aKaran, Vijay